| Tag |
First Indicator |
Second Indicator |
Subfields |
| LEADER |
00000cam a2200000 i 4500 |
| 001 |
in00005772749 |
| 005 |
20260327175333.9 |
| 006 |
m o d |
| 007 |
cr ||||||||||| |
| 008 |
230711t20242024ne fob 001 0 eng d |
| 040 |
|
|
|a UKAHL
|b eng
|e rda
|c UKAHL
|d OPELS
|d OCLCO
|d BNG
|d OCLCO
|d AU@
|d OCLCF
|d OCLCL
|d SFB
|d OCLCO
|
| 019 |
|
|
|a 1413449024
|
| 020 |
|
|
|a 9780443134241
|q (e-book)
|
| 020 |
|
|
|a 0443134243
|q (e-book)
|
| 020 |
|
|
|z 9780443134234
|q (pbk.)
|
| 035 |
|
|
|a (OCoLC)1410902577
|z (OCoLC)1413449024
|
| 050 |
|
4 |
|a QD400
|b .K38 2024
|
| 082 |
0 |
4 |
|a 547/.595
|2 23/eng/20231213
|
| 049 |
|
|
|a TXAM
|
| 100 |
1 |
|
|a Kaur, Navjeet,
|e author.
|1 https://id.oclc.org/worldcat/entity/E39PCjqYbk6vQ3kDfhGwQ6RVG3
|
| 245 |
1 |
0 |
|a Synthesis of 5-membered heterocycles :
|b role of DMF as solvent, reagent, catalyst, and stabilizer /
|c Navjeet Kaur.
|
| 264 |
|
1 |
|a Amsterdam ;
|a Cambridge, MA :
|b Elsevier,
|c [2024]
|
| 264 |
|
4 |
|c ©2024
|
| 300 |
|
|
|a 1 online resource
|
| 336 |
|
|
|a text
|b txt
|2 rdacontent
|
| 337 |
|
|
|a computer
|b c
|2 rdamedia
|
| 338 |
|
|
|a online resource
|b cr
|2 rdacarrier
|
| 520 |
|
|
|a Synthesis of Five-Membered Heterocycles: Role of DMF as Solvent, Reagent, Catalyst, and Stabilizer helps readers quickly assess possible synthetic approaches. The book's audience, researchers, academic professionals and synthetic chemists both in industry and academia will find detailed information about the synthesis of five-membered heterocyclic compounds using dimethylformamide. Over the years, heterocyclic compounds, especially five-membered, have drawn more attention of pharmaceutical community because of their therapeutic value. The formation of heterocyclic compounds has turned out to be the keystone of synthetic organic chemistry. Dimethylformamide has played an important role in organic synthesis for a long time, and it is frequently utilized as a common solvent for chemical reactions and broadly used in industry as a reagent. It is a unique chemical and can play three other roles in organic chemistry, i.e., as stabilizer, reagent and catalyst. Due to its structure, DMF can participate in several reactions as a versatile building block for several units -- $$c Provided by publisher.
|
| 504 |
|
|
|a Includes bibliographical references and index.
|
| 505 |
0 |
|
|a 1. Synthesis of pyrroles -- 2. Synthesis of fused pyrroles -- 3. Synthesis of isoindoles and indoles -- 4. Synthesis of fused indoles -- 5. Synthesis of indolizines and azaindoles -- 6. Synthesis of pyrazoles -- 7. Synthesis of imidazoles and benzimidazoles -- 8. Synthesis of triazoles, benzotriazoles, and tetrazoles -- 9. Synthesis of furans, benzofurans, and dioxolanes -- 10. Synthesis of isoxazoles, oxazoles, and oxadiazoles -- 11. Synthesis of thiophenes -- 12. Synthesis of thiazoles, benzothiazoles, and thiadiazoles.
|
| 588 |
0 |
|
|a Print version record.
|
| 650 |
|
0 |
|a Heterocyclic compounds
|x Synthesis.
|
| 650 |
|
0 |
|a Dimethylformamide.
|
| 650 |
|
0 |
|a Pharmaceutical chemistry.
|
| 650 |
|
0 |
|a Chemistry, Organic.
|
| 650 |
|
0 |
|a Pharmacology.
|
| 650 |
|
2 |
|a Chemistry, Pharmaceutical
|
| 650 |
|
2 |
|a Heterocyclic Compounds, 4 or More Rings
|
| 650 |
|
2 |
|a Dimethylformamide
|
| 650 |
|
2 |
|a Heterocyclic Compounds
|
| 650 |
|
2 |
|a Chemistry, Organic
|
| 650 |
|
2 |
|a Pharmacology
|
| 650 |
|
6 |
|a Composés hétérocycliques
|x Synthèse.
|
| 650 |
|
6 |
|a Diméthylformamide.
|
| 650 |
|
6 |
|a Chimie pharmaceutique.
|
| 650 |
|
6 |
|a Chimie organique.
|
| 650 |
|
6 |
|a Pharmacologie.
|
| 650 |
|
7 |
|a organic chemistry.
|2 aat
|
| 650 |
|
7 |
|a pharmacology.
|2 aat
|
| 650 |
|
7 |
|a Biomedical materials
|2 fast
|
| 650 |
|
7 |
|a Chemistry, Organic
|2 fast
|
| 650 |
|
7 |
|a Pharmaceutical chemistry
|2 fast
|
| 650 |
|
7 |
|a Pharmacology
|2 fast
|
| 655 |
|
7 |
|a Electronic books.
|2 local
|
| 710 |
2 |
|
|a ScienceDirect (Online service)
|
| 776 |
0 |
8 |
|i Print version:
|a Kaur, Navjeet.
|t Synthesis of 5-membered heterocycles.
|d Amsterdam : Elsevier, [2024]
|z 9780443134234
|w (OCoLC)1393173342
|
| 856 |
4 |
0 |
|u http://proxy.library.tamu.edu/login?url=https://www.sciencedirect.com/science/book/9780443134234
|z Connect to the full text of this electronic book
|t 0
|
| 955 |
|
|
|a Elsevier ScienceDirect 2026-2027
|
| 994 |
|
|
|a 92
|b TXA
|
| 999 |
f |
f |
|i c77a4f22-9abf-4814-91b2-f3552ba4f426
|s dbd2df64-6ee1-4c87-a5ad-970f0d99bf3f
|t 0
|
| 952 |
f |
f |
|a Texas A&M University
|b College Station
|c Electronic Resources
|s www_evans
|d Available Online
|t 0
|e QD400 .K38 2024
|h Library of Congress classification
|
| 998 |
f |
f |
|a QD400 .K38 2024
|t 0
|l Available Online
|